[Event "Druzynowe Mistrzostwa Polski w Szachach I LIGA 2021"]
[Site "Szklarska Poreba"]
[Date "1899-12-30"]
[Round "6.67"]
[White "Lubczynski, Rafal"]
[Black "Marczuk, Dominik"]
[Result "1/2-1/2"]
[WhiteTitle "IM"]
[BlackTitle "FM"]
[WhiteElo "2429"]
[BlackElo "2280"]

1. d4 d5 2. c4 e6 3. Nf3 Nf6 4. g3 Bb4+ 5. Bd2 Bd6 6. Qc2 c6 7. Bg2 Nbd7 8. O-O
O-O 9. b3 Ne4 10. Bf4 Bxf4 11. gxf4 Qe7 12. Nbd2 f5 13. e3 Kh8 14. Kh1 h6 15.
Nxe4 fxe4 16. Ne5 Nxe5 17. fxe5 Bd7 18. f3 exf3 19. Bxf3 Qh4 20. Be2 Qg5 21. Qd3
Kg8 22. Rg1 Qf5 23. Raf1 Qxd3 24. Bxd3 a5 25. h4 a4 26. b4 a3 27. c5 b5 28. Bg6
Rxf1 29. Rxf1 Be8 30. h5 Bxg6 31. hxg6 Rf8 32. Rf4 Rxf4 33. exf4 Kf8 34. Kg2 Ke7
35. Kg3 Kd7 36. Kg4 Ke7 37. Kf3 Kd7 38. Kg3 Ke7 39. Kh3 Kd7 40. Kg4 Ke7 41. f5
exf5+ 42. Kxf5 Kd7 43. Kf4 Ke7 1/2-1/2

[Event "Druzynowe Mistrzostwa Polski w Szachach I LIGA 2021"]
[Site "Szklarska Poreba"]
[Date "1899-12-30"]
[Round "6.68"]
[White "Chmiel, Marcin"]
[Black "Chojnacki, Krzysztof"]
[Result "0-1"]
[WhiteTitle "k+"]
[BlackTitle "IM"]
[WhiteElo "2232"]
[BlackElo "2377"]

1. c4 Nf6 2. g3 g6 3. Bg2 Bg7 4. Nc3 O-O 5. d3 d6 6. e3 e5 7. Nge2 c6 8. e4 a5
9. O-O Na6 10. h3 Ne8 11. Be3 f5 12. exf5 gxf5 13. f4 Be6 14. Qd2 Nf6 15. b3 Qe8
16. Rad1 Qg6 17. Kh2 Qh5 18. Bg1 Rae8 19. d4 e4 20. d5 cxd5 21. cxd5 Bd7 22. Nd4
Nb4 23. Qe2 Qg6 24. Ndb5 Nh5 25. Bf2 Rc8 26. a3 Nd3 27. Rxd3 exd3 28. Qxd3 Nf6
29. Nd4 Rfe8 30. Ncb5 Ne4 31. Be1 Rc5 32. a4 Rxd5 33. Qc4 Qf7 34. Nf3 Rc8 35.
Qe2 Bxb5 36. axb5 Rdc5 37. Ng5 Nxg5 38. fxg5 Qxb3 39. Bxa5 Rc2 40. Qd1 Qa2 41.
Qf3 Rxg2+ 42. Qxg2 Rc2 0-1

[Event "Druzynowe Mistrzostwa Polski w Szachach I LIGA 2021"]
[Site "Szklarska Poreba"]
[Date "1899-12-30"]
[Round "6.69"]
[White "Raczynski, Krzysztof"]
[Black "Gbyl, Andrzej"]
[Result "0-1"]
[WhiteTitle "k+"]
[BlackTitle "k+"]
[WhiteElo "2193"]
[BlackElo "2204"]

1. e4 c6 2. d4 d5 3. exd5 cxd5 4. c4 Nf6 5. Nc3 Nc6 6. Bg5 Be6 7. Nf3 g6 8. c5
Bg7 9. Bb5 O-O 10. Bxc6 bxc6 11. Ne5 Qc7 12. Qa4 Rfc8 13. O-O Nh5 14. Be3 Rab8
15. b4 Bxe5 16. dxe5 Qxe5 17. Bd2 Qd4 18. Qd1 Qxb4 19. Nxd5 Qxc5 20. Nf4 Nxf4
21. Bxf4 Rb7 22. Qf3 Qf5 23. Qe3 Bd5 24. h3 f6 25. Qg3 Rb2 26. Be3 a6 27. Bd4
Rd2 28. Rfd1 Rxd1+ 29. Rxd1 e5 30. Be3 Rb8 31. Rd2 Bxa2 32. Rd6 Bd5 33. Qh4 g5
34. Qg3 Kg7 35. f3 a5 36. Qf2 a4 37. Qd2 a3 38. Qa5 Qb1+ 39. Kh2 a2 40. Qc7+ Bf7
41. Rd7 Qb3 42. Qa7 Qe6 43. Rd3 Rb3 44. Rxb3 Qxb3 45. Bd2 Qb2 0-1

[Event "Druzynowe Mistrzostwa Polski w Szachach I LIGA 2021"]
[Site "Szklarska Poreba"]
[Date "1899-12-30"]
[Round "6.70"]
[White "Golda, Sebastian"]
[Black "Wojdak, Jan"]
[Result "1-0"]
[WhiteTitle "k"]
[BlackTitle "I++"]
[WhiteElo "2053"]
[BlackElo "2185"]

1. e4 c6 2. d4 d5 3. Nc3 dxe4 4. Nxe4 Bf5 5. Ng3 Bg6 6. Nh3 e6 7. Nf4 Bd6 8. Ngh5
Bxh5 9. Nxh5 g6 10. Ng3 Qh4 11. c3 Nd7 12. Qf3 f5 13. Bd2 O-O-O 14. O-O-O Ngf6
15. Ne2 Qe4 16. Qxe4 Nxe4 17. Be1 Nef6 18. f3 Rhe8 19. Bf2 g5 20. Kb1 Bc7 21.
Nc1 Nf8 22. Bc4 Nd5 23. Nd3 Ng6 24. g3 h5 25. Bb3 Bb6 26. Rhe1 g4 27. f4 Re7 28.
Re2 Nc7 29. Rde1 Rde8 30. Ne5 Nxe5 31. Rxe5 Kd7 32. c4 Na6 33. a3 Bc7 34. R5e2
Ba5 35. Rd1 Bb6 36. Rde1 Nc7 37. Ba4 Na8 38. Re5 Bc7 39. R5e2 Nb6 40. Bb3 Nc8
41. Rh1 h4 42. Bc2 Nd6 43. Bd3 h3 44. Be1 a5 45. Bc3 b5 46. c5 Nf7 47. d5 cxd5
48. Bxb5+ Kc8 49. Rhe1 e5 50. fxe5 Rf8 51. Bc6 Ng5 52. Bxd5 Rd8 53. Bh1 Rde8 54.
b4 axb4 55. axb4 Rd8 56. Kc2 Ne6 57. Rd1 f4 58. Rxd8+ Kxd8 59. gxf4 Nxf4 60. Re4
Rf7 61. e6 Nxe6 62. Rxe6 Rf2+ 63. Kb3 Rxh2 64. Bc6 Bf4 65. b5 Bd2 66. b6 1-0

[Event "Druzynowe Mistrzostwa Polski w Szachach I LIGA 2021"]
[Site "Szklarska Poreba"]
[Date "1899-12-30"]
[Round "6.71"]
[White "Bardeli, Lukasz"]
[Black "Warchol, Bartosz"]
[Result "1-0"]
[WhiteTitle "FM"]
[BlackTitle "I++"]
[WhiteElo "2178"]
[BlackElo "1897"]

1. Nf3 d5 2. c4 d4 3. g3 Nc6 4. Bg2 e5 5. O-O Nf6 6. e3 Be7 7. exd4 exd4 8. d3
Nd7 9. Re1 O-O 10. a3 a5 11. Nbd2 Nc5 12. Ne4 Ne6 13. Rb1 b6 14. b3 Bb7 15. g4
Re8 16. Qd2 Ra7 17. b4 axb4 18. axb4 Qa8 19. b5 Nb8 20. Bb2 Rd8 21. Ra1 Bxe4 22.
Rxa7 Qxa7 23. Rxe4 Qa2 24. Qe2 Bc5 25. Rxe6 fxe6 26. Qxe6+ Kh8 27. Ng5 Qb1+ 28.
Bf1 Rf8 29. Nf7+ Rxf7 30. Qxf7 h6 31. Qe8+ Kh7 32. Qe4+ Kh8 33. Bxd4 Bxd4 34.
Qxd4 Qd1 35. h3 Kh7 36. Qe4+ 1-0

[Event "Druzynowe Mistrzostwa Polski w Szachach I LIGA 2021"]
[Site "Szklarska Poreba"]
[Date "1899-12-30"]
[Round "6.72"]
[White "Dylag, Emilia"]
[Black "Szelag, Zuzanna"]
[Result "1/2-1/2"]
[WhiteTitle "WFM"]
[BlackTitle "k"]
[WhiteElo "2065"]
[BlackElo "1839"]

1. d4 Nf6 2. Nf3 g6 3. c4 Bg7 4. Nc3 O-O 5. e4 d6 6. Be2 e5 7. O-O Nc6 8. d5 Ne7
9. Ne1 Nd7 10. Nd3 f5 11. Bd2 Nf6 12. f3 f4 13. Rc1 g5 14. c5 Ng6 15. Nb5 Rf7
16. Ba5 b6 17. cxd6 cxd6 18. Be1 g4 19. fxg4 Nxe4 20. Qc2 Nf6 21. Nc7 Rxc7 22.
Qxc7 Qxc7 23. Rxc7 Nxd5 24. Rc1 Ne3 25. Rf2 Bxg4 26. Bxg4 Nxg4 27. Rfc2 e4 28.
Rc8+ Rxc8 29. Rxc8+ Kf7 30. Rc7+ Kg8 31. Rc8+ Kf7 32. Rc7+ Kg8 33. Rc8+ 1/2-1/2

[Event "Druzynowe Mistrzostwa Polski w Szachach I LIGA 2021"]
[Site "Szklarska Poreba"]
[Date "1899-12-30"]
[Round "6.73"]
[White "Niekras, Dawid"]
[Black "Lewtak, Damian"]
[Result "1/2-1/2"]
[WhiteTitle "FM"]
[BlackTitle "IM"]
[WhiteElo "2286"]
[BlackElo "2397"]

1. e4 e6 2. d4 d5 3. Bd3 dxe4 4. Bxe4 Nf6 5. Bf3 Nbd7 6. Ne2 Bd6 7. c4 c6 8. Nbc3
O-O 9. O-O e5 10. Ng3 Re8 11. d5 cxd5 12. cxd5 Nb6 13. Bg5 h6 14. Bxf6 Qxf6 15.
Nge4 Qd8 16. Nxd6 Qxd6 17. Rc1 Rd8 18. Qb3 Bf5 19. Rfd1 Qg6 20. Re1 Nd7 21. Ne4
Bxe4 22. Bxe4 Qb6 23. Bf5 Qxb3 24. axb3 g6 25. Bh3 Nf6 26. Rxe5 Rxd5 27. Rxd5
Nxd5 28. g3 Nb4 29. Rc7 b6 30. Bf1 Nd5 31. Rb7 Kf8 32. Bc4 Ne7 33. Kg2 h5 34.
h4 Rd8 35. Rxa7 Rd6 36. b4 f6 37. b5 g5 38. Ra8+ Kg7 39. Ra7 Kf8 40. Ra8+ Kg7
41. Ra7 1/2-1/2

[Event "Druzynowe Mistrzostwa Polski w Szachach I LIGA 2021"]
[Site "Szklarska Poreba"]
[Date "1899-12-30"]
[Round "6.74"]
[White "Kumala, Aleksander"]
[Black "Zakrzewski, Marek"]
[Result "1/2-1/2"]
[WhiteTitle "CM"]
[BlackTitle "FM"]
[WhiteElo "2140"]
[BlackElo "2273"]

1. d4 d5 2. c4 c6 3. cxd5 cxd5 4. Nc3 Nc6 5. Bf4 Nf6 6. e3 a6 7. Bd3 Bg4 8. f3
Bh5 9. g4 Bg6 10. h4 e6 11. h5 Bxd3 12. Qxd3 h6 13. Nge2 Be7 14. Kf2 Nd7 15. Rac1
Nb6 16. b3 Rc8 17. Rhg1 Bf6 18. Qd2 Qe7 19. Rg2 Bh4+ 20. Bg3 Rd8 21. f4 Bxg3+
22. Nxg3 f6 23. Qd3 Qf7 24. Kg1 Ne7 25. Nb1 Rc8 26. Rgc2 Rxc2 27. Rxc2 Nc6 28.
Rf2 O-O 29. Nd2 Qc7 30. Nf3 Rc8 31. Kg2 Ne7 32. g5 Qc3 33. Qxc3 Rxc3 34. Re2 Nbc8
35. gxf6 gxf6 36. f5 Nxf5 37. Nxf5 exf5 38. Nh4 Ne7 39. Kf3 Kf7 40. Rg2 Rc1 41.
Ng6 Rf1+ 42. Ke2 Ra1 43. Kf3 Rf1+ 44. Ke2 Ra1 45. Kf3 Nxg6 46. Rxg6 Rxa2 47. Rxh6
Kg7 48. Rg6+ Kf7 49. Rh6 Kg7 50. Rg6+ 1/2-1/2

[Event "Druzynowe Mistrzostwa Polski w Szachach I LIGA 2021"]
[Site "Szklarska Poreba"]
[Date "1899-12-30"]
[Round "6.75"]
[White "Selbes, Tarik"]
[Black "Puczylowski, Marcin"]
[Result "1-0"]
[WhiteTitle "FM"]
[BlackTitle "k"]
[WhiteElo "2260"]
[BlackElo "2103"]

1. Nf3 c5 2. c4 Nf6 3. Nc3 d5 4. cxd5 Nxd5 5. e3 e6 6. Bc4 Nb6 7. Be2 Bd7 8. O-O
Bc6 9. d4 N8d7 10. e4 Nf6 11. a4 Nxe4 12. Nxe4 Bxe4 13. a5 Nd7 14. Bb5 Bc6 15.
d5 Bxb5 16. dxe6 fxe6 17. Re1 Bc4 18. Ra4 b5 19. Rxc4 bxc4 20. Qd5 Ne5 21. Qxe5
Qd6 22. Qe4 O-O-O 23. Qxc4 Kb7 24. Rxe6 Qd1+ 25. Re1 Qd5 26. a6+ Kc8 27. Qa4 Bd6
28. b4 cxb4 29. Bd2 Rd7 30. Bxb4 Qc4 31. Rb1 Bxb4 32. Ne5 Qc7 33. Nxd7 Rd8 34.
Qxb4 Rxd7 35. Qe4 Rd6 36. Qa8+ Kd7 37. g3 Rxa6 38. Rb7 1-0

[Event "Druzynowe Mistrzostwa Polski w Szachach I LIGA 2021"]
[Site "Szklarska Poreba"]
[Date "1899-12-30"]
[Round "6.76"]
[White "Kanarkiewicz, Michal"]
[Black "Hemmerling, Jaroslaw"]
[Result "1-0"]
[WhiteTitle "k"]
[BlackTitle "I++"]
[WhiteElo "2046"]
[BlackElo "1935"]

1. e4 e5 2. Nf3 Nf6 3. Nxe5 d6 4. Nc4 Nxe4 5. Nc3 Nxc3 6. bxc3 Be7 7. d4 Nd7 8.
Bd3 Nf6 9. Ne3 O-O 10. O-O d5 11. Qf3 g6 12. Bb2 Be6 13. c4 c6 14. cxd5 cxd5 15.
c4 Rc8 16. cxd5 Bxd5 17. Nxd5 Qxd5 18. Qd1 Rfd8 19. Bc2 Qh5 20. Qd3 Nd5 21. Bd1
Qf5 22. Qxf5 gxf5 23. Bb3 Bf6 24. Rac1 Nf4 25. Rxc8 Rxc8 26. Rd1 b5 27. g3 Ng6
28. Ba3 a5 29. Bc5 Ne7 30. f4 a4 31. Bc2 Rd8 32. Kf2 Nc6 33. d5 Ne7 34. d6 Nc8
35. Bxf5 b4 36. d7 Ne7 37. Bc2 b3 38. axb3 axb3 39. Bxb3 Nf5 40. Bc2 Ng7 41. Bb6
Ne6 42. f5 Nd4 43. Bxd8 Bxd8 44. Rxd4 Bb6 45. d8=Q+ 1-0

[Event "Druzynowe Mistrzostwa Polski w Szachach I LIGA 2021"]
[Site "Szklarska Poreba"]
[Date "1899-12-30"]
[Round "6.77"]
[White "Bajerlein, Dawid"]
[Black "Zurkowski, Andrzej"]
[Result "1/2-1/2"]
[WhiteTitle "k+"]
[BlackTitle "k+"]
[WhiteElo "2036"]
[BlackElo "2031"]

1. d4 Nf6 2. c4 b6 3. Nf3 Bb7 4. g3 e6 5. Bg2 Be7 6. Nc3 O-O 7. O-O d5 8. Ne5 Nbd7
9. Qa4 c6 10. Nxc6 Bxc6 11. Qxc6 Rc8 12. Qa4 Rxc4 13. Qxa7 Rxd4 14. b3 Qc8 15.
Be3 Rb4 16. Rfc1 Qa8 17. Qxa8 Rxa8 18. Na4 Rb5 19. Rc7 Bc5 20. Bxc5 bxc5 21. Rc1
Kf8 22. e4 dxe4 23. Bxe4 Nxe4 24. Rxd7 Rc8 25. Nc3 Rb4 26. Nxe4 Rxe4 27. Rc2 Ke8
28. Rb7 Rd4 29. b4 c4 30. Kf1 c3 31. Ke2 Rcc4 32. a3 Re4+ 33. Kd3 Red4+ 34. Ke2
Re4+ 35. Kd3 Red4+ 36. Ke3 Re4+ 37. Kd3 Red4+ 38. Ke4 1/2-1/2

[Event "Druzynowe Mistrzostwa Polski w Szachach I LIGA 2021"]
[Site "Szklarska Poreba"]
[Date "1899-12-30"]
[Round "6.78"]
[White "Kasperek, Joanna"]
[Black "Debowiak, Arleta"]
[Result "1-0"]
[WhiteTitle "k++"]
[BlackTitle "k+"]
[WhiteElo "2053"]
[BlackElo "1898"]

1. e4 d6 2. d4 Nf6 3. Nc3 e5 4. Nf3 Nbd7 5. dxe5 dxe5 6. Bc4 Be7 7. O-O O-O 8.
Qe2 c6 9. a4 Qc7 10. h3 Nc5 11. Bg5 Be6 12. b4 Bxc4 13. Qxc4 Ne6 14. Bh4 Rfd8
15. Rfd1 a5 16. Rxd8+ Qxd8 17. b5 cxb5 18. Qxb5 Rc8 19. Bxf6 Rxc3 20. Bxe7 Qxe7
21. Qxa5 Rxc2 22. Qxe5 Qb4 23. a5 h6 24. Rd1 Ra2 25. Qb8+ Kh7 26. Qe8 Qc5 27.
Rf1 Qc7 28. Nh4 Rxa5 29. Nf5 b5 30. Ne7 h5 31. Qxf7 Nf4 32. Qg8+ Kh6 33. Qh8+
Kg5 34. Qxg7+ 1-0

[Event "Druzynowe Mistrzostwa Polski w Szachach I LIGA 2021"]
[Site "Szklarska Poreba"]
[Date "1899-12-30"]
[Round "7.1"]
[White "Tomczak, Jacek"]
[Black "Skawinski, Arkadiusz"]
[Result "1-0"]
[WhiteTitle "GM"]
[BlackTitle "FM"]
[WhiteElo "2589"]
[BlackElo "2359"]

1. e4 e6 2. d4 d5 3. Nc3 Bb4 4. e5 c5 5. a3 Bxc3+ 6. bxc3 Qa5 7. Bd2 Qa4 8. Qg4
Kf8 9. h4 Nc6 10. h5 h6 11. Qf4 Qxc2 12. Rc1 Qe4+ 13. Qxe4 dxe4 14. Rh4 Nge7 15.
Rxe4 cxd4 16. cxd4 Nd5 17. Ne2 Bd7 18. Nc3 Nxc3 19. Rxc3 Rc8 20. Bb5 a6 21. Ba4
b5 22. Bc2 Ne7 23. Rxc8+ Bxc8 24. Bb4 Bb7 25. Rg4 Rg8 26. a4 Ke8 27. axb5 axb5
28. Bh7 Rh8 29. Bd3 Bc6 30. Rxg7 Nf5 31. Bxf5 exf5 32. f4 Bd5 33. g4 fxg4 34.
f5 g3 35. e6 g2 36. Kf2 fxe6 37. fxe6 Rf8+ 38. Bxf8 Kxf8 39. Rf7+ Kg8 40. Rf6
Kg7 41. e7 1-0

[Event "Druzynowe Mistrzostwa Polski w Szachach I LIGA 2021"]
[Site "Szklarska Poreba"]
[Date "1899-12-30"]
[Round "7.3"]
[White "Warakomski, Tomasz"]
[Black "Luch, Michal"]
[Result "1-0"]
[WhiteTitle "GM"]
[BlackTitle "IM"]
[WhiteElo "2513"]
[BlackElo "2383"]

1. e4 e5 2. Nf3 Nf6 3. Nxe5 d6 4. Nf3 Nxe4 5. Bd3 d5 6. O-O Be7 7. Re1 Nd6 8. Nc3
c6 9. Qe2 Nd7 10. b4 Nf8 11. b5 Ne6 12. bxc6 bxc6 13. Ne5 Qc7 14. Ba3 O-O 15.
Qf3 Bb7 16. Qh5 g6 17. Qg4 Bc8 18. Qg3 Nf5 19. Bxf5 Bxa3 20. Bxe6 Bxe6 21. Nxd5
cxd5 22. Qxa3 Qxc2 23. d4 Rfb8 24. Qe3 Rb6 25. h4 Qf5 26. g3 Rc8 27. Rac1 Rb2
28. Rxc8+ Bxc8 29. Nc6 Kg7 30. Ne7 Qd7 31. h5 Rb8 32. h6+ Kf8 33. Qe5 1-0

[Event "Druzynowe Mistrzostwa Polski w Szachach I LIGA 2021"]
[Site "Szklarska Poreba"]
[Date "1899-12-30"]
[Round "7.4"]
[White "Butkiewicz, Lukasz"]
[Black "Kantans, Toms"]
[Result "1/2-1/2"]
[WhiteTitle "IM"]
[BlackTitle "GM"]
[WhiteElo "2378"]
[BlackElo "2481"]

1. e4 c5 2. Nf3 d6 3. d4 cxd4 4. Nxd4 Nf6 5. Nc3 a6 6. Bd3 e5 7. Nde2 Be7 8. O-O
O-O 9. Ng3 Be6 10. Nd5 Nbd7 11. c4 Nc5 12. Bc2 b5 13. b4 Ncd7 14. Bd3 bxc4 15.
Bxc4 Nb6 16. Nxf6+ Bxf6 17. Bxe6 fxe6 18. Qb3 d5 19. Be3 Rb8 20. Rad1 Kh8 21.
Bxb6 Qxb6 22. exd5 exd5 23. Qxd5 Qxb4 24. Qd3 Qa4 25. Qe2 Rb4 26. Nh5 Qb5 27.
Qxb5 1/2-1/2

[Event "Druzynowe Mistrzostwa Polski w Szachach I LIGA 2021"]
[Site "Szklarska Poreba"]
[Date "1899-12-30"]
[Round "7.5"]
[White "Schippers, Maurice"]
[Black "Bronowicki, Mateusz"]
[Result "1/2-1/2"]
[WhiteTitle "FM"]
[BlackTitle "FM"]
[WhiteElo "2285"]
[BlackElo "2197"]

1. e4 e6 2. d4 d5 3. Nd2 c5 4. exd5 Qxd5 5. dxc5 Bxc5 6. Ngf3 Nf6 7. Bc4 Qd7 8.
Qe2 a6 9. Ne4 Be7 10. Bf4 Qc6 11. Nxf6+ gxf6 12. O-O-O Qc5 13. Rd2 Nc6 14. Be3
Qa5 15. Rhd1 b5 16. Bb3 Bb7 17. Bh6 Qc7 18. Bxe6 fxe6 19. Ng5 Rg8 20. Qxe6 Rxg5
21. Bxg5 fxg5 22. Qg8+ Bf8 23. Re1+ Ne7 24. Qxh7 Qf4 25. Qg6+ Qf7 26. Qd6 Qxa2
27. Qg6+ Qf7 28. Qd6 Qa2 29. Qg6+ Qf7 1/2-1/2

[Event "Druzynowe Mistrzostwa Polski w Szachach I LIGA 2021"]
[Site "Szklarska Poreba"]
[Date "1899-12-30"]
[Round "7.6"]
[White "Rudnicka, Ewa"]
[Black "Warakomska, Anna"]
[Result "1/2-1/2"]
[WhiteTitle "WFM"]
[BlackTitle "WGM"]
[WhiteElo "2147"]
[BlackElo "2279"]

1. d4 d5 2. Bf4 c5 3. e3 Nc6 4. c3 Bf5 5. Bd3 Bg6 6. Nf3 e6 7. Bxg6 hxg6 8. Qb3
Qd7 9. Nbd2 Nf6 10. Ne5 Qc8 11. h3 Be7 12. Qa4 Nd7 13. Ndf3 O-O 14. h4 cxd4 15.
exd4 Ncxe5 16. Nxe5 Nxe5 17. Bxe5 f6 18. Bg3 Kf7 19. h5 gxh5 20. Rxh5 Rh8 21.
Rxh8 Qxh8 22. O-O-O Qe8 23. Qc2 b5 24. Rh1 b4 25. Qe2 bxc3 26. Qh5+ Kg8 27. Qh8+
Kf7 28. Qh5+ Kg8 29. Qh8+ 1/2-1/2

[Event "Druzynowe Mistrzostwa Polski w Szachach I LIGA 2021"]
[Site "Szklarska Poreba"]
[Date "1899-12-30"]
[Round "7.7"]
[White "Kovalenko, Igor"]
[Black "Antoniewski, Rafal"]
[Result "1-0"]
[WhiteTitle "GM"]
[BlackTitle "GM"]
[WhiteElo "2651"]
[BlackElo "2493"]

1. d4 Nf6 2. c4 d6 3. Nc3 e5 4. Nf3 Nbd7 5. g3 g6 6. Bg2 Bg7 7. O-O O-O 8. e4 exd4
9. Nxd4 Re8 10. Re1 Nc5 11. h3 a5 12. Ndb5 Bd7 13. Qc2 Qc8 14. h4 h6 15. Be3 Ng4
16. Nd5 Nxe3 17. Rxe3 Bxb5 18. cxb5 Qd8 19. Rd1 h5 20. Re2 a4 21. Qc4 Kh7 22.
Kh2 Rc8 23. f4 c6 24. bxc6 bxc6 25. Nb4 Qe7 26. Rdd2 Ne6 27. Nd3 Nd4 28. Re1 Qa7
29. Qc1 Qa5 30. Nf2 c5 31. Nh3 Bf6 32. Rf1 Kg7 33. Rdf2 Rc7 34. f5 Be5 35. Nf4
gxf5 36. Nxh5+ Kh7 37. Bh3 Qa8 38. Rxf5 Qxe4 39. Qg5 Qc2+ 40. Kh1 Qc4 41. Rxe5
1-0

[Event "Druzynowe Mistrzostwa Polski w Szachach I LIGA 2021"]
[Site "Szklarska Poreba"]
[Date "1899-12-30"]
[Round "7.8"]
[White "Cyborowski, Lukasz"]
[Black "Neiksans, Arturs"]
[Result "1/2-1/2"]
[WhiteTitle "GM"]
[BlackTitle "GM"]
[WhiteElo "2495"]
[BlackElo "2565"]

1. Nf3 Nf6 2. c4 b6 3. g3 Bb7 4. Bg2 g6 5. b3 Bg7 6. Bb2 c5 7. O-O O-O 8. Nc3 Ne4
9. d4 Nxc3 10. Bxc3 Nc6 11. Rc1 Nxd4 12. Nxd4 Bxg2 13. Kxg2 cxd4 14. Bxd4 Bxd4
15. Qxd4 d6 1/2-1/2

[Event "Druzynowe Mistrzostwa Polski w Szachach I LIGA 2021"]
[Site "Szklarska Poreba"]
[Date "1899-12-30"]
[Round "7.9"]
[White "Kolosowski, Mateusz"]
[Black "Protaziuk, Grzegorz"]
[Result "1-0"]
[WhiteTitle "IM"]
[BlackTitle "m"]
[WhiteElo "2448"]
[BlackElo "2333"]

1. e4 c5 2. Nc3 e6 3. Nge2 a6 4. g3 b5 5. Bg2 Bb7 6. d4 cxd4 7. Nxd4 Nc6 8. O-O
Bc5 9. Nb3 Be7 10. f4 d6 11. Be3 Nf6 12. a3 O-O 13. Qe2 Qc7 14. g4 Rfe8 15. g5
Nd7 16. Qf2 Bf8 17. h4 Rac8 18. Ne2 Ne7 19. Nbd4 e5 20. fxe5 Nxe5 21. Nc3 Qd7
22. Rad1 Qg4 23. Bf4 N7g6 24. Bg3 Rc7 25. Nf5 Nc4 26. Nd5 Bxd5 27. Rxd5 Nge5 28.
c3 h6 29. b3 Nb6 30. Qxb6 1-0

[Event "Druzynowe Mistrzostwa Polski w Szachach I LIGA 2021"]
[Site "Szklarska Poreba"]
[Date "1899-12-30"]
[Round "7.10"]
[White "Nurkiewicz, Maciej"]
[Black "Sabuk, Piotr"]
[Result "1/2-1/2"]
[WhiteTitle "m"]
[BlackTitle "IM"]
[WhiteElo "2339"]
[BlackElo "2393"]

1. e4 c6 2. d4 d5 3. Nc3 dxe4 4. Nxe4 Nf6 5. Nxf6+ exf6 6. c3 Bd6 7. Bd3 Na6 8.
Ne2 Nc7 9. O-O O-O 10. Bf4 Bg4 11. Bxd6 Qxd6 12. Qc2 Bxe2 13. Bxe2 Rfe8 14. Rfd1
Re7 15. Bd3 g6 16. Re1 Rae8 17. Qd2 Rxe1+ 18. Rxe1 Rxe1+ 19. Qxe1 c5 20. Qe4 cxd4
21. cxd4 b6 22. Bc4 a5 23. Qb7 Ne6 24. Bxe6 fxe6 25. Qc8+ Kg7 26. Qc4 Kf7 27.
h3 Ke7 28. g3 Kd7 29. Qc3 Qc6 30. Qe3 Qc2 31. Qh6 Qxb2 32. Qxh7+ Kd6 33. Qxg6
Qxa2 34. h4 a4 35. h5 a3 36. h6 Qe2 37. Qb1 Qb2 38. Qf1 Qc2 39. Qb5 Qb2 40. Qf1
Qc2 41. Qb5 Kc7 42. Qa6 a2 43. h7 Qb1+ 44. Kg2 a1=Q 45. Qxa1 Qxa1 46. h8=Q Qxd4
47. Qg7+ Kc6 48. Qe7 Qd5+ 49. f3 f5 50. Qe8+ Kc5 51. Qe7+ Qd6 52. Qf6 Qd5 53.
Qc3+ Kd6 54. Qa3+ Qc5 55. Qd3+ Ke7 56. g4 b5 57. g5 b4 58. Qa6 Qc2+ 59. Kg3 Qc7+
60. Kh3 Kf7 61. Qb5 Qd6 62. Qc4 Qb6 63. Qh4 Qg1 64. Qh7+ Kf8 65. Qh8+ Ke7 66.
Qf6+ Kd7 67. g6 Qh1+ 68. Kg3 Qg1+ 69. Kh4 b3 70. g7 Qh2+ 71. Kg5 Qg2+ 72. Kh6
b2 73. Qd4+ Kc6 74. Qc4+ Kd6 75. Qd4+ Kc6 76. Qc4+ Kd6 77. Qd4+ 1/2-1/2

[Event "Druzynowe Mistrzostwa Polski w Szachach I LIGA 2021"]
[Site "Szklarska Poreba"]
[Date "1899-12-30"]
[Round "7.11"]
[White "Dubinski, Mateusz"]
[Black "Bartel, Michal"]
[Result "1/2-1/2"]
[WhiteTitle "FM"]
[BlackTitle "FM"]
[WhiteElo "2223"]
[BlackElo "2181"]

1. d4 d6 2. e4 e5 3. Nf3 Nf6 4. Nc3 exd4 5. Nxd4 Nc6 6. Nxc6 bxc6 7. Bc4 Be7 8.
O-O O-O 9. h3 Nd7 10. f4 Bf6 11. Qf3 Nb6 12. Bd3 c5 13. Be3 Bb7 14. Rfe1 Re8 15.
Bf2 Bxc3 16. bxc3 f5 17. g4 fxe4 18. Bxe4 Bxe4 19. Rxe4 Rxe4 20. Qxe4 Qf6 21.
Re1 Rf8 22. f5 g6 23. Qe6+ Qxe6 24. fxe6 Re8 25. Re4 Nd5 26. Be1 h6 27. Bd2 Kg7
28. c4 Nb4 29. Bc3+ Kg8 30. Bxb4 cxb4 31. c5 dxc5 32. Kf2 Kg7 33. Rc4 Rxe6 34.
Rxc5 Ra6 35. Rxc7+ Kf6 36. Rc4 Rxa2 37. Rxb4 Rxc2+ 38. Kf3 Rc3+ 39. Kf4 Rc5 40.
h4 g5+ 41. hxg5+ hxg5+ 42. Ke4 Ke6 43. Kd4 Ra5 44. Ke4 Ra3 45. Rb5 Kf6 46. Rc5
Ra4+ 47. Kf3 Ra6 48. Ke4 Kg6 49. Kf3 Kh6 50. Rd5 Rf6+ 51. Kg3 Rb6 52. Kf3 Kg6
53. Ra5 a6 54. Kg3 Kf6 55. Rf5+ Kg6 56. Ra5 Kf6 57. Rf5+ Ke5 1/2-1/2

[Event "Druzynowe Mistrzostwa Polski w Szachach I LIGA 2021"]
[Site "Szklarska Poreba"]
[Date "1899-12-30"]
[Round "7.12"]
[White "Kulon, Klaudia"]
[Black "Toma, Katarzyna"]
[Result "1-0"]
[WhiteTitle "IM"]
[BlackTitle "WGM"]
[WhiteElo "2332"]
[BlackElo "2289"]

1. e4 c5 2. b4 e5 3. Nf3 Nc6 4. b5 Nd4 5. Bc4 d6 6. c3 Nxf3+ 7. Qxf3 Nf6 8. O-O
Be7 9. a4 O-O 10. Na3 Bg4 11. Qe3 Nh5 12. f3 Bg5 13. Qf2 Bd7 14. d4 Rc8 15. dxe5
dxe5 16. Rd1 Bxc1 17. Raxc1 Qg5 18. Rc2 Nf4 19. Kh1 Rfd8 20. Rcd2 Be6 21. g3 Nh3
22. Qg2 Rxd2 23. Qxd2 Qf6 24. Qe3 h5 25. Kg2 Ng5 26. h4 Nh7 27. Qd3 Nf8 28. Qd2
Bxc4 29. Nxc4 Ne6 30. Ne3 Qh6 31. Nf5 Qxd2+ 32. Rxd2 Rd8 33. Rd5 Kf8 34. Kf2 g6
35. Nd6 b6 36. Nc4 f6 37. a5 Rxd5 38. exd5 Nc7 39. Nxb6 Nxb5 40. c4 Nd6 41. a6
Ke7 42. Ke2 Kd8 43. Kd3 f5 44. Na4 e4+ 45. fxe4 Nxe4 46. Nc3 Nd6 47. Nb5 Nc8 48.
Ke3 Nb6 49. Nxa7 Nxc4+ 50. Kf4 Nb6 51. Ke5 c4 52. Nb5 1-0

[Event "Druzynowe Mistrzostwa Polski w Szachach I LIGA 2021"]
[Site "Szklarska Poreba"]
[Date "1899-12-30"]
[Round "7.13"]
[White "Niedbala, Bartlomiej"]
[Black "Paszewski, Mateusz"]
[Result "1/2-1/2"]
[WhiteTitle "FM"]
[BlackTitle "FM"]
[WhiteElo "2380"]
[BlackElo "2282"]

1. e4 c6 2. d4 d5 3. e5 c5 4. dxc5 e6 5. Be3 Nd7 6. Nf3 Bxc5 7. Bxc5 Nxc5 8. Qd4
Qb6 9. Nbd2 Ne7 10. Nb3 Nxb3 11. axb3 Qxd4 12. Nxd4 O-O 13. Bd3 f6 14. f4 fxe5
15. fxe5 Rf4 16. c3 Bd7 17. g3 Rf7 18. Ke2 a6 19. Rhf1 Raf8 20. Rxf7 Kxf7 21.
b4 h6 22. Ke3 Ke8 23. g4 Nc6 24. Nxc6 Bxc6 25. Rf1 Rxf1 26. Bxf1 g5 27. Kd4 Kd7
28. Bd3 Kc7 29. Kc5 Ba4 1/2-1/2

[Event "Druzynowe Mistrzostwa Polski w Szachach I LIGA 2021"]
[Site "Szklarska Poreba"]
[Date "1899-12-30"]
[Round "7.14"]
[White "Koziorowicz, Michal"]
[Black "Suder, Jakub"]
[Result "1/2-1/2"]
[WhiteTitle "k+"]
[BlackTitle "FM"]
[WhiteElo "2274"]
[BlackElo "2339"]

1. e4 c5 2. Nf3 Nc6 3. Bb5 e6 4. O-O Nge7 5. Re1 a6 6. Bf1 d5 7. exd5 Nxd5 8. d4
cxd4 9. Nxd4 Ndb4 10. Nxc6 Qxd1 11. Rxd1 Nxc6 12. Nc3 Be7 13. Be3 Bd7 14. Ne4
Nb4 15. Bc5 Bxc5 16. Nxc5 Bc6 17. a3 Nd5 18. c4 Nc7 19. b4 Ke7 20. a4 b6 21. Nd3
Rhd8 22. c5 b5 23. Ne5 Bd5 24. Ng4 Rdb8 25. axb5 axb5 26. Ne3 Kd7 27. Nc2 Rxa1
28. Rxa1 Ra8 29. Rxa8 Bxa8 30. g3 e5 31. f4 Be4 32. Na3 Bc6 33. Bh3+ Ke7 34. fxe5
Na6 35. Bf1 Nxb4 36. Nxb5 Ke6 37. Nd6 Bd5 38. Bg2 Kxe5 39. Bxd5 Kxd5 40. Nxf7
h6 41. Nd6 Kxc5 42. Nf5 Kd5 43. Nxg7 Ke5 44. Kg2 Nd5 45. Nh5 Ke4 46. Kf2 Ne7 47.
Nf4 Nc6 48. Kg2 Ne5 49. Kh3 Kf5 50. Ng2 Kg5 51. Ne3 h5 52. Nd5 Ng6 53. Nf4 1/2-1/2

[Event "Druzynowe Mistrzostwa Polski w Szachach I LIGA 2021"]
[Site "Szklarska Poreba"]
[Date "1899-12-30"]
[Round "7.15"]
[White "Czerw, Dawid"]
[Black "Ciesla, Adam"]
[Result "1-0"]
[WhiteTitle "FM"]
[BlackTitle "m"]
[WhiteElo "2413"]
[BlackElo "2276"]

1. d4 g6 2. c4 Bg7 3. Nc3 d6 4. e4 c5 5. d5 e6 6. Bd3 Ne7 7. h4 exd5 8. cxd5 a6
9. a4 h5 10. Bf4 O-O 11. Qd2 Qc7 12. Nf3 Nd7 13. Bh6 Ne5 14. Nxe5 dxe5 15. a5
Bd7 16. Be3 Nc8 17. O-O Nd6 18. Rfc1 Rac8 19. Nd1 c4 20. b3 f5 21. bxc4 fxe4 22.
Bb1 Qd8 23. c5 Nf5 24. Bg5 Bf6 25. Bxe4 Bxg5 26. hxg5 Nd4 27. d6 Rf4 28. Bxb7
Qxg5 29. Ra3 Bb5 30. Rg3 Qh4 31. Re3 Rcf8 32. c6 Rf3 33. Rcc3 Qg4 34. c7 Rxe3
35. Rxe3 Bd7 36. Rxe5 h4 37. Bd5+ Kg7 38. Re7+ Kf6 39. Nc3 Bf5 40. Ne4+ Bxe4 41.
Qxd4+ Kg5 42. Rxe4 1-0